A__A bis Z__Z - Statistiken

Allgemein
  • Dieses Quiz wurde 839 mal gespielt
  • Das Durchschnittsergebnis liegt bei 16 aus 26
Antwortstatistiken
Hinweis Antwort % Korrekt
E Das Verheiratetsein E Ehe
97%
L Teil des Bestecks oder Hasenohren L Löffel
91%
U Schwarz-gelber Klebstoff oder große Eule U Uhu
91%
D Staat in Europa D Deutschland
88%
T Schauplatz eines Verbrechens oder ARD-Fernsehreihe T Tatort
86%
M In der Werbung für diesen Kaubonon wurde gefragt: "Was wollt ihr denn?" M Maoam
85%
O Mit Majoran verwandtes Gewürz, das häufig in der italienischen Küche verwendet wird O Oregano
85%
W Englischer Ausruf der Begeisterung mit drei Buchstaben W Wow
85%
G Leichtes Schädel-Hirn-Trauma G Gehirnerschütterung
82%
N Eines der bekanntesten deutschen Schlösser bei Füssen N Neuschwanstein
80%
A Beste Freundin von Pippi Langstrumpf, Schwester von Tommy A Annika
79%
I Person aus dem Land, in dem die Städte Jersualem und Tel-Aviv liegen I Israeli
79%
H Vorname der Schauspieler Grant, Laurie und Jackman H Hugh
77%
V War für die Zerstörung von Pompeji verantwortlich V Vesuv
75%
X Römische Zahl für 29 X XXIX
72%
F Eines der wenigen deutschen Wörter, die auf -nf enden F Fünf
67%
Y ... all my troubles seemed so far away Y Yesterday
51%
S Eine lustige Person wird als dieses "Witzgebäck" bezeichnet S Scherzkeks
44%
R Spezielles Weinglas oder Rathaus von Frankfurt R Römer
40%
Z Die "Dritten" Z Zahnersatz
29%
B Anderer Name des Affenbrotbaums B Baobab
27%
Q Französisch für "fünfundvierzig" Q quarante-cinq
27%
C Amerikanische Band um Nile Rodgers ("Le Freak") C Chic
15%
K Deutscher Schriftsteller ("Der Arzt von Stalingrad"); Heinz G. ... K Konsalik
15%
J Vorname des Sängers Cale ("After Midnight") J J.J.
14%
P Britpop-Band ("Disco 2000", "Common People") P Pulp
10%
Keine übereinstimmenden Quizze gefunden
Verteilung der Resultate
Anzahl Personen mit jedem Resultat
Perzentil nach korrekt beantworteten Fragen
Ihre Resultats-Entwicklung
Sie haben dieses Quiz noch nicht gespielt